Projecte Educatiu de Ciutat [Enregistrament de vídeo] : un compromís de la ciutadania amb l'educació un compromís de la ciutadania amb l'educació
Descripción Física:
1 disc òptic (DVD) ca. 8 min : col., so
MARC
| LEADER | 00000nam a2200000Ia 4500 | ||
|---|---|---|---|
| 001 | 22275 | ||
| 008 | 160829s2005 xx 000 0 cat d | ||
| 080 | |a CD-2-25 | ||
| 245 | |a Projecte Educatiu de Ciutat [Enregistrament de vídeo] : |b un compromís de la ciutadania amb l'educació | ||
| 260 | |a Barcelona : |b Diputació de Barcelona. Àrea d'Educació, |c 2005 | ||
| 300 | |a 1 disc òptic (DVD) ca. 8 min : |b col., so | ||
| 590 | |a Requeriments mínims: Adobe Acrobat Player, Internet. | ||
| 590 | |a En català i castellà | ||
| 650 | |a Projecte educatiu de ciutat |9 39276 | ||
| 650 | 0 | |a Educació no-formal |9 39118 | |
| 650 | |a Participació social |9 19717 | ||
| 710 | |a Barcelona (Catalunya : Província). |b Àrea d'Educació |9 8009 | ||
| 901 | |a Arxiu | ||
| 942 | |n 1 | ||
| 952 | |0 0 |1 0 |4 0 |6 CD225 |7 1 |9 48344 |a Arxiu |b Arxiu |d 2016-12-01 |l 0 |o CD-2-25 |p 22275 |r 2016-12-01 00:00:00 |w 2016-12-01 |y ARXIU | ||
| 999 | |c 52150 |d 52150 | ||